00345nam a2200121Ia 4500008004100000041000800041082001400049100001300063245006600076260004500142300001900187999001700206241015s9999 xx 000 0 und d aeng a330.9 POP aElena G. aCurrent Problems Of The World Economy And International Trade bEmerald PublishingaUnited Kingdomc2022 a242;. P. 22 cm c41572d41572